The Flaming Feet and Other Essays: (Record no. 190656)

MARC details
000 -LEADER
fixed length control field 00599nam a22001817a 4500
005 - DATE AND TIME OF LATEST TRANSACTION
control field 20220802111018.0
010 ## - LCCN (DPL NO)
LC control number ENG-134148
020 ## - INTERNATIONAL STANDARD BOOK NUMBER
International Standard Book Number 9788178243580
Terms of availability 350.00
035 ## - SYSTEM CONTROL NUMBER
System control number EN-117680
037 ## - SOURCE OF ACQUISITION
Source of stock number/acquisition DBAB/PUB
082 ## - DEWEY DECIMAL CLASSIFICATION NUMBER
Classification number 305.5688
100 ## - MAIN ENTRY--PERSONAL NAME
Personal name Nagaraj, D.R.
245 ## - TITLE STATEMENT
Title The Flaming Feet and Other Essays:
Remainder of title The Dalit Movement In India/
Statement of responsibility, etc D.R. Nagaraj
260 ## - PUBLICATION, DISTRIBUTION, ETC. (IMPRINT)
Place of publication, distribution, etc Ranikhet
Name of publisher, distributor, etc Permanent Black
Date of publication, distribution, etc 2010
270 ## - ADDRESS
Address Himalayana Mall Road, Ranikhet Cantt
City Ranikhet
Postal code 263645
Electronic mail address perblack@gmail.com
300 ## - PHYSICAL DESCRIPTION
Extent xxviii, 254p.
Other physical details Index
Dimensions 21cm(pbk)
942 ## - ADDED ENTRY ELEMENTS (KOHA)
Source of classification or shelving scheme Dewey Decimal Classification
Item type English Books
Classification part 305.5688
Call number suffix NAG
Holdings
Withdrawn status Lost status Not for loan Collection code Home library Current library Date acquired Source of acquisition Cost, normal purchase price Full call number Barcode Copy number Cost, replacement price Koha item type
      Non-fiction Bawana Bawana 02/08/2022 DBAD/PUB 350.00 305.5688 NAG EN-117680 1 350.00 English Books

© Delhi Public Library
Hit Counter
free hit counter